Normal view
MARC view
- Home automation
Entry Topical Term
001 - CONTROL NUMBER
- control field: 84782
003 - CONTROL NUMBER IDENTIFIER
- control field: NUST
005 - DATE AND TIME OF LATEST TRANSACTION
- control field: 20211122093810.0
008 - FIXED-LENGTH DATA ELEMENTS
- fixed length control field: 211122|| aca||aabn | a|a d
040 ## - CATALOGING SOURCE
- Original cataloging agency: NUST
- Transcribing agency: NUST
150 ## - HEADING--TOPICAL TERM
- Topical term or geographic name entry element: Home automation
670 ## - SOURCE DATA FOUND
- Source citation: Work cat.: (NUST)32996: González Alonso, Ignacio, 1978- 84780, Service robotics within the digital home :
